|
|
|
|
| LEADER |
01328nam a2200277 a 4500 |
| 001 |
GR-Patra21738 |
| 008 |
070529s1997 gr g b 001 0 eng d |
| 020 |
|
|
|a 0792342984
|
| 040 |
|
|
|a GrPaTEI
|b gre
|c GR-PaULI
|
| 040 |
|
|
|a GrPaTEI
|b gre
|c GR-PaULI
|
| 082 |
|
0 |
|a 415
|2 20
|
| 245 |
0 |
0 |
|a Elements of grammar :
|b handbook in generative syntax ; Edited by Liliane Haegeman.
|
| 260 |
|
|
|a Dordrecht :
|b Kluwer Academic Publishers,
|c c1997
|
| 300 |
|
|
|a 349 σ. :
|b εικ., πίν.
|
| 504 |
|
|
|a Περιλαμβάνει βιβλιογραφίες και ευρετήριο.
|
| 650 |
|
0 |
|a Generative grammar
|
| 650 |
|
0 |
|a Grammar, comparative and general
|x Syntax
|
| 650 |
|
4 |
|a Αγγλική γλώσσα
|x Γραμματική
|
| 650 |
|
4 |
|a Αγγλική γλώσσα
|x Συντακτικό
|
| 700 |
1 |
|
|a Haegeman, Liliane
|
| 710 |
0 |
|
|a Kluwer Academic Publishers
|
| 942 |
|
|
|2 ddc
|
| 952 |
|
|
|0 0
|1 0
|2 ddc
|4 0
|6 415_000000000000000_ELE
|7 0
|9 301998
|a LISK
|b LISK
|c BSC
|d 2021-01-17
|e 24
|f 0
|g 0.00
|l 0
|o 415 ELE
|p 92410031522
|r 2021-01-17 00:00:00
|t 1
|w 2021-01-17
|y BK15
|x 20070529 0 1
|x GrPaTEI
|
| 952 |
|
|
|0 0
|1 0
|2 ddc
|4 0
|6 415_000000000000000_ELE
|7 1
|9 301999
|a LISK
|b LISK
|c BSC
|d 2021-01-17
|e 24
|f 0
|g 0.00
|l 0
|o 415 ELE
|p 92410031523
|r 2021-01-17 00:00:00
|t 1
|w 2021-01-17
|y BKN
|x 20070529 0 0
|x GrPaTEI
|
| 971 |
|
|
|a .b26693112
|b 15-04-20
|c 26-09-16
|
| 999 |
|
|
|c 175550
|d 175550
|